Jaki jest język w danym kraju - Statystyki

Ogólne statystyki
  • Ten quiz został rozwiązany 30 razy
  • Średni wynik to 17 z 19
Statystyki odpowiedzi
Państwo Język % Poprawnych
Polska Polski
100%
Francja Francuski
96%
Hiszpania Hiszpański
96%
Japonia Japoński
96%
Niemcy Niemiecki
96%
Portugalia Portugalski
96%
Rosja Rosyjski
96%
Włochy Włoski
96%
Meksyk Hiszpański
96%
Szwajcaria Niemiecki
96%
Norwegia Norweski
96%
Brazylia Portugalski
96%
Turcja Turecki
96%
Stany zjednoczone Angielski
93%
Szwecja Szwedzki
93%
Finlandia Fiński
86%
Indie Hindi
75%
Chiny Mandaryński
75%
Grecja Grecka
25%
Nie znaleziono quizów pasujących do podanych kryteriów
Rozkład punktacji
Procent ludzi z każdym wynikiem
Percentyl według liczby udzielonych odpowiedzi
Twoja historia wyników
Nie rozwiązałeś tego quizu